Statistics for Five Most Guessed Country Flags by Continent

Click here to take the quiz!

General Stats

  • This quiz has been taken 10,652 times
    (5,210 since last reset)
  • The average score is 27 of 30

Answer Stats

Continent%Country% Correct
Asia88
{Japan}
99%
Europe98
{United Kingdom}
99%
Europe93
{France}
98%
North America99
{United States}
98%
Europe92
{Italy}
98%
North America96
{Canada}
98%
Oceania96
{Australia}
97%
Asia86
{South Korea}
97%
South America86
{Brazil}
97%
Asia84
{China}
97%
Africa76
{South Africa}
96%
North America76
{Mexico}
96%
Asia80
{Israel}
96%
Europe89
{Ireland}
95%
South America73
{Argentina}
95%
Oceania91
{New Zealand}
94%
Asia78
{Turkey}
93%
Europe91
{Russia}
93%
North America75
{Jamaica}
92%
Africa63
{Egypt}
91%
South America56
{Chile}
89%
South America61
{Uruguay}
86%
Africa62
{Kenya}
84%
South America54
{Venezuela}
83%
North America52
{Panama}
80%
Africa56
{Algeria}
79%
Africa67
{Ivory Coast}
78%
Oceania44
{Papua New Guinea}
74%
Oceania43
{Palau}
69%
Oceania40
{Tonga}
67%

Score Distribution

Percentile by Number Answered

Percent of People with Each Score

Your Score History

You have not taken this quiz since the last reset